Vật lí đại cương các nguyên lí và ứng dụng T.3 Quang học và vật lí lượng tử

Trình bày những vấn đề cơ bản của quang học và vật lí điện tử, giao thoa ánh sáng, nhiễu xạ ánh sáng, thuyết tương đối, cơ học lượng tử, lượng tử hoá bức xạ điện từ, vật rắn tinh thể và laze, hạt nhân nguyên tử và hạt cơ bản, vật lí các vì sao...

Description complète

Enregistré dans:
Détails bibliographiques
Auteur principal: Trần Ngọc Hợi (chủ biên biên khảo)
Autres auteurs: Phạm Văn Thiều
Format: Livre
Langue:Vietnamese
Publié: H. Giáo dục 2009
Édition:Tái bản lần thứ 1
Sujets:
Tags: Ajouter un tag
Pas de tags, Soyez le premier à ajouter un tag!
Thư viện lưu trữ: Mạng thư viện Đại học Đà Nẵng
LEADER 01971aam a22003978a 4500
001 000016476
003 12878
005 20121106101124.0
008 121106s2009 viesd
020 |c 101000đ  |d 1000b 
041 0 |a vie 
082 1 4 |2 14  |a 530.01  |b Vật 
100 1 |a Trần Ngọc Hợi  |e chủ biên biên khảo 
245 1 0 |a Vật lí đại cương các nguyên lí và ứng dụng  |c Trần Ngọc Hợi (ch.b.), Phạm Văn Thiều  |n T.3  |p Quang học và vật lí lượng tử 
250 |a Tái bản lần thứ 1 
260 |a H.  |b Giáo dục  |c 2009 
300 |a 414tr.  |b minh hoạ  |c 24cm 
504 |a Thư mục: tr. 414 
520 |a Trình bày những vấn đề cơ bản của quang học và vật lí điện tử, giao thoa ánh sáng, nhiễu xạ ánh sáng, thuyết tương đối, cơ học lượng tử, lượng tử hoá bức xạ điện từ, vật rắn tinh thể và laze, hạt nhân nguyên tử và hạt cơ bản, vật lí các vì sao 
650 7 |2 Bộ TK TVQG  |a Quang học 
650 7 |2 Bộ TK TVQG  |a Vật lí lượng tử 
650 7 |2 Bộ TK TVQG  |a Vật lí đại cương 
653 |a các nguyên lí và ứng dụng 
700 1 |a Phạm Văn Thiều 
773 |a Trần Ngọc Hợi  |b Tái bản lần thứ 1  |d H.  |d 2009  |d Giáo dục  |t Vật lí đại cương các nguyên lí và ứng dụng  |w 421449 
773 |b tái bản lần thứ 1  |d Giáo dục  |d H.  |d 2009  |t Vật lí đại cương các nguyên lí và ứng dụng  |w 12876 
OWN |a LSP 
AVA |a UDN50  |b LSP  |d 530.01 Vật  |e check_holdings  |t Error 5003 Not defined in file expand_doc_bib_avail.  |h N  |k 1 
999 |a From the UDN01 
AVA |a UDN50  |b LSP  |d 530.01 Vật  |e available  |t Error 5001 Not defined in file expand_doc_bib_avail.  |f 20  |g 0  |h N  |i 28  |k 1 
TYP |a Monograph 
TYP |a Printed language 
980 |a Mạng thư viện Đại học Đà Nẵng